MARC

LEADER 00000nam0a2200000 4500
001 331924
005 20231102004414.0
035 |a (RuTPU)RU\TPU\book\357808 
090 |a 331924 
100 |a 20170511d1960 km y0rusy50 ca 
101 0 |a rus 
102 |a RU 
105 |a a g 000zy 
200 1 |a Краткий справочник коксохимика  |f М. М. Дмитриев, Я. М. Обуховский 
210 |a Москва  |c Металлургиздат  |d 1960 
215 |a 253 с.  |c ил. 
606 1 |a Коксохимия  |2 stltpush  |3 (RuTPU)RU\TPU\subj\33197  |9 55504 
610 1 |a справочники 
610 1 |a угли для коксования 
610 1 |a коксование 
610 1 |a угольные шихты 
610 1 |a углеподготовительные цехи 
610 1 |a кокс 
610 1 |a коксовые печи 
610 1 |a коксовые цехи 
610 1 |a химические продукты 
610 1 |a улавливание 
610 1 |a переработка 
610 1 |a продукты коксования 
675 |a 662.74  |v 4 
700 1 |a Дмитриев  |b М. М.  |g Михаил Михайлович 
701 1 |a Обуховский  |b Я. М.  |g Яков Миронович 
801 1 |a RU  |b 63413507  |c 20170511 
801 2 |a RU  |b 63413507  |c 20220517  |g RCR 
942 |c BK